00500nam a2200121Ia 4500008004100000050001600041100005200057245005800109260005600167300001900223650008800242650004800330120626s9999 xx 000 0 und d aF1220 bL65 aLombardo Toledano, Vicented1894 -1968 eautor  aEl problema del indio c/ Vicente, Lombardo Toledano  aMéxico b: Secretaría de Educación Pública  a207 páginas  0aINDIOS DE MÉXICO vRELACIONES GUBERNAMENTALES xDISCURSOS, ENSAYOS, CONFERENCIAS  0aMÉXICO vCONDICIONES SOCIALES zMÉXICO